350 bài tập sơ cấp có hướng dẫn văn phạm tiếng Pháp kèm lời giải = Exercons-nous grammaire: Cours de civilisation francaise de la Sorbonne ( 350 exercices niveau débutant )

Bewaard in:
Bibliografische gegevens
Hoofdauteur: J. Bady
Formaat: Boek
Taal:Undetermined
Gepubliceerd in: Tp. HCM Thanh Niên 2002
Onderwerpen:
Tags: Voeg label toe
Geen labels, Wees de eerste die dit record labelt!
Thư viện lưu trữ: Trung tâm Học liệu Trường Đại học Cần Thơ
LEADER 00747nam a2200193Ia 4500
001 CTU_54344
008 210402s9999 xx 000 0 und d
020 |b 34000 
082 |a 445.076 
082 |b B138 
100 |a J. Bady 
245 0 |a 350 bài tập sơ cấp có hướng dẫn văn phạm tiếng Pháp kèm lời giải = Exercons-nous grammaire: Cours de civilisation francaise de la Sorbonne ( 350 exercices niveau débutant ) 
245 0 |c J. Bady, I. Greaves et A. Petetin; Nguyễn Dũng biên dịch 
260 |a Tp. HCM 
260 |b Thanh Niên 
260 |c 2002 
650 |a french language 
650 |x grammar,problems, exercises, etc. 
980 |a Trung tâm Học liệu Trường Đại học Cần Thơ